000 00486nab a2200145Ia 4500
003 ES-SlBCS
005 20210601130450.0
008 140529s1963 xxu||||| |||| 00| 0 fre d
041 _afre
100 1 _aRostenne, Paul
_9173288
245 0 0 _aLe réalisme du savoir et les insuffisances de la phénoménologie
_c Paul Rostenne
650 0 4 _aFenomenología-Realismo del Saber
_9173310
773 0 _tGiornali di Metafisica
_gvol. 18, nº. 4-5, 1963, págs. 363-397
_w0017-0372
942 _cAR
999 _c547127
_d547127